[Event "EU-ch Blitz"]
[Site "Katowice"]
[Date "2022.12.16"]
[Round "16"]
[White "Monroy, Charles"]
[Black "Saric, Ante"]
[Result "0-1"]
[WhiteElo "2395"]
[BlackElo "2504"]
[PlyCount "58"]
[EventDate "2022.12.16"]
[EventType "swiss (blitz)"]
[EventRounds "22"]
[EventCountry "POL"]
[SourceTitle "CBM 211 Extra"]
[Source "ChessBase"]
[SourceDate "2023.01.31"]
[SourceVersion "1"]
[SourceVersionDate "2023.01.31"]
[SourceQuality "1"]

1. c4 e6 2. Nf3 d5 3. d4 Nf6 4. Nc3 dxc4 5. e4 Bb4 6. Bxc4 Nxe4 7. 0-0 Nf6 8. Bg5 0-0 9. Qe2 Be7 10. Rad1 c6 11. Ne5 Nd5 12. Bc1 Nd7 13. f4 Nxe5 14. dxe5 Nxc3 15. bxc3 Qc7 16. g4 b5 17. Bd3 f5 18. exf6 Bxf6 19. g5 Be7 20. c4 Bd7 21. Qe4 g6 22. Bb2 Rf7 23. Kh1 Raf8 24. Qd4 e5 25. fxe5 c5 26. Qe3 Bc6+ 27. Kg1 Rf3 28. Qe2 Bxg5 29. Be4 Be3+ 0-1

[Event "EU-ch Blitz"]
[Site "Katowice"]
[Date "2022.12.16"]
[Round "22"]
[White "Monroy, Charles"]
[Black "Sliwicka, Alicja"]
[Result "0-1"]
[WhiteElo "2395"]
[BlackElo "2284"]
[PlyCount "170"]
[EventDate "2022.12.16"]
[EventType "swiss (blitz)"]
[EventRounds "22"]
[EventCountry "POL"]
[SourceTitle "CBM 211 Extra"]
[Source "ChessBase"]
[SourceDate "2023.01.31"]
[SourceVersion "1"]
[SourceVersionDate "2023.01.31"]
[SourceQuality "1"]

1. Nf3 c5 2. c4 Nc6 3. Nc3 g6 4. e3 Bg7 5. d4 cxd4 6. exd4 Nf6 7. d5 Nb8 8. Be2 d6 9. h3 a5 10. 0-0 Na6 11. Be3 0-0 12. Rc1 Bd7 13. Qd2 Rc8 14. b3 Nc5 15. Nd4 Nfe4 16. Nxe4 Nxe4 17. Qc2 f5 18. Rcd1 b5 19. Ne6 Bxe6 20. dxe6 Qc7 21. Bd4 Bxd4 22. Rxd4 Qc5 23. Rfd1 d5 24. Bf3 dxc4 25. bxc4 Nf6 26. Qc3 bxc4 27. Rc1 Qe5 28. Rxc4 Qxc3 29. R1xc3 Rxc4 30. Rxc4 Rb8 31. Rc5 Rb1+ 32. Kh2 Rb6 33. Rxa5 Rxe6 34. a4 Re1 35. Ra7 Kf7 36. Rb7 Ra1 37. Rb4 Ra2 38. Kg1 Ra1+ 39. Kh2 Ra2 40. a5 Rxa5 41. g3 Ra7 42. Kg2 e5 43. Rb6 e4 44. Be2 Rc7 45. Ra6 h5 46. h4 Nd7 47. Bd1 Ne5 48. Rd6 Nd3 49. Be2 Ne5 50. Kf1 Rc1+ 51. Kg2 Rc2 52. Kf1 Rb2 53. Ra6 Nd3 54. Ra7+ Kf6 55. Ra6+ Kg7 56. Ra7+ Kh6 57. Rd7 Rb1+ 58. Kg2 Ne1+ 59. Kh2 Rb2 60. Bc4 Rxf2+ 61. Kg1 Rf3 62. Bg8 g5 63. Be6 Nd3 64. Rd6 Kg7 65. hxg5 Rxg3+ 66. Kh2 Rxg5 67. Bc4 Nf4 68. Ra6 Rg2+ 69. Kh1 Rg5 70. Kh2 e3 71. Ra3 e2 72. Re3 Kf6 73. Bxe2 Rg2+ 74. Kh1 Rxe2 75. Rf3 Re4 76. Rf2 Kg5 77. Rf3 h4 78. Rf2 Re2 79. Rf3 Kg4 80. Rf1 Re3 81. Rf2 Ne2 82. Rg2+ Ng3+ 83. Kh2 Re1 84. Rf2 Rh1+ 85. Kg2 h3# 0-1

[Event "EU-ch Blitz"]
[Site "Katowice"]
[Date "2022.12.16"]
[Round "15"]
[White "Saric, Ante"]
[Black "Monroy, Charles"]
[Result "1/2-1/2"]
[WhiteElo "2504"]
[BlackElo "2395"]
[PlyCount "137"]
[EventDate "2022.12.16"]
[EventType "swiss (blitz)"]
[EventRounds "22"]
[EventCountry "POL"]
[SourceTitle "CBM 211 Extra"]
[Source "ChessBase"]
[SourceDate "2023.01.31"]
[SourceVersion "1"]
[SourceVersionDate "2023.01.31"]
[SourceQuality "1"]

1. Nf3 d5 2. g3 Nc6 3. d4 Bf5 4. Bg2 Nb4 5. Na3 e6 6. 0-0 Nf6 7. c3 Na6 8. Qb3 Rb8 9. Bg5 Be7 10. c4 c6 11. c5 0-0 12. Bf4 Nc7 13. Ne5 Nd7 14. Qa4 Nxe5 15. Bxe5 f6 16. Bf4 e5 17. dxe5 fxe5 18. Bxe5 Bxc5 19. Rac1 Bb6 20. Bd4 Qe7 21. Bxb6 axb6 22. e3 b5 23. Qd1 Ra8 24. Ra1 Be4 25. Qg4 Bxg2 26. Kxg2 Ra4 27. Qe2 Qe4+ 28. f3 Qe7 29. Nc2 Ne6 30. a3 Qf6 31. Rab1 Qh6 32. h4 Qg6 33. Kh2 Nc5 34. Nb4 Ne6 35. Rbd1 Raa8 36. Nd3 Qf6 37. f4 Rae8 38. Qg2 Qg6 39. Ne5 Qh5 40. Rc1 g5 41. Qh3 gxh4 42. gxh4 Kh8 43. Rg1 d4 44. Rg4 dxe3 45. Qxe3 Nxf4 46. Rxf4 Rxf4 47. Qxf4 Qxe5 48. Qxe5+ Rxe5 49. Rc2 Re3 50. Rd2 Rb3 51. Kg2 Kg7 52. Kf1 Kh6 53. Ke1 Kh5 54. Kd1 h6 55. Kc2 Rg3 56. Rd7 Kxh4 57. Rxb7 h5 58. b3 Rg2+ 59. Kc3 Rg6 60. a4 bxa4 61. bxa4 Kg3 62. a5 h4 63. Kb4 h3 64. Rh7 Kg2 65. a6 Rg8 66. Kc5 h2 67. Kxc6 h1Q 68. Rxh1 Kxh1 69. a7 1/2-1/2

[Event "EU-ch Blitz"]
[Site "Katowice"]
[Date "2022.12.16"]
[Round "20"]
[White "Stefansson, Hannes"]
[Black "Monroy, Charles"]
[Result "1-0"]
[WhiteElo "2526"]
[BlackElo "2395"]
[PlyCount "70"]
[EventDate "2022.12.16"]
[EventType "swiss (blitz)"]
[EventRounds "22"]
[EventCountry "POL"]
[SourceTitle "CBM 211 Extra"]
[Source "ChessBase"]
[SourceDate "2023.01.31"]
[SourceVersion "1"]
[SourceVersionDate "2023.01.31"]
[SourceQuality "1"]

1. e4 e5 2. Nf3 Nc6 3. Bb5 a6 4. Ba4 Nf6 5. 0-0 Be7 6. d3 b5 7. Bb3 d6 8. a3 Na5 9. Ba2 c5 10. h3 Be6 11. Bxe6 fxe6 12. b4 Nc6 13. c3 0-0 14. Re1 Qd7 15. Nbd2 Nh5 16. Nf1 Nf4 17. Be3 Rf7 18. d4 exd4 19. cxd4 c4 20. d5 exd5 21. Bxf4 Rxf4 22. Qxd5+ Kh8 23. e5 Raf8 24. Rad1 R4f5 25. Ng3 Rf4 26. exd6 Bd8 27. Re4 R4f7 28. Rde1 h6 29. Re6 Bb6 30. Qe4 Nd8 31. Rg6 Rf4 32. Qe5 Nc6 33. Rxh6+ Kg8 34. Qd5+ R8f7 35. Rhe6 Bd8 1-0

[Event "Paris-ch IdF"]
[Site "Paris"]
[Date "2022.07.14"]
[Round "3"]
[White "Bogner, Sebastian"]
[Black "Monroy, Charles"]
[Result "1/2-1/2"]
[WhiteElo "2545"]
[BlackElo "2410"]
[PlyCount "100"]
[EventDate "2022.07.12"]
[EventType "swiss"]
[EventRounds "9"]
[EventCountry "FRA"]
[SourceTitle "CBM 209 Extra"]
[Source "ChessBase"]
[SourceDate "2022.09.30"]
[SourceVersion "1"]
[SourceVersionDate "2022.09.30"]
[SourceQuality "1"]

1. e4 e5 2. Nf3 Nc6 3. Bb5 a6 4. Ba4 Nf6 5. 0-0 Be7 6. Re1 b5 7. Bb3 d6 8. c3 0-0 9. h3 Nb8 10. d4 Nbd7 11. Nbd2 Bb7 12. Bc2 Re8 13. Nf1 Bf8 14. Ng3 g6 15. a4 Bg7 16. dxe5 dxe5 17. Qe2 Bc6 18. Be3 Nb6 19. Red1 Qe7 20. axb5 axb5 21. b4 Na4 22. Bxa4 Rxa4 23. Bc5 Qe6 24. Rxa4 bxa4 25. b5 Bb7 26. c4 Bh6 27. Nd2 c6 28. Ndf1 cxb5 29. cxb5 Rc8 30. Rd6 Qe8 31. Be3 Qe7 32. Rd1 Bf8 33. Nd2 Qe6 34. Qd3 a3 35. f3 Ne8 36. Nb3 Bb4 37. Ne2 Nd6 38. Bd2 Bxd2 39. Nxd2 Nxb5 40. Qxb5 Ba6 41. Qa5 Bxe2 42. Ra1 Qd6 43. Rxa3 Rc5 44. Qa8+ Kg7 45. Ra2 Qd4+ 46. Kh2 Qe3 47. Qd8 Qf4+ 48. Kg1 Qe3+ 49. Kh2 Qf4+ 50. Kg1 Qe3+ 1/2-1/2

[Event "Europe Echecs online op April"]
[Site "Europe Echecs INT"]
[Date "2020.04.11"]
[Round "7"]
[White "Monroy, Charles"]
[Black "Pujari, Rucha"]
[Result "1-0"]
[WhiteElo "2427"]
[BlackElo "2113"]
[PlyCount "55"]
[EventDate "2020.04.11"]
[EventType "swiss (blitz)"]
[EventRounds "11"]
[EventCountry "FRA"]
[SourceTitle "EXT 2021"]
[Source "ChessBase"]
[SourceDate "2020.10.23"]
[SourceVersion "1"]
[SourceVersionDate "2020.10.23"]
[SourceQuality "1"]

1. e4 e5 2. Nf3 Nc6 3. Bb5 a6 4. Ba4 Nf6 5. 0-0 Be7 6. Re1 b5 7. Bb3 0-0 8. a4 Bb7 9. d3 d6 10. Nbd2 Nd4 11. Nxd4 exd4 12. Nf1 c5 13. Ng3 Rc8 14. axb5 axb5 15. c4 dxc3 16. bxc3 c4 17. dxc4 bxc4 18. Bc2 Nd7 19. Nf5 Ne5 20. Bf4 Rc6 21. Ra7 Rb6 22. Be3 Rb2 23. Qc1 Rxc2 24. Qxc2 Nd3 25. Rb1 Bxe4 26. Nxe7+ Kh8 27. Qa2 d5 28. f3 1-0

[Event "Europe Echecs online op April"]
[Site "Europe Echecs INT"]
[Date "2020.04.11"]
[Round "4"]
[White "Van Hoolandt, Patrick"]
[Black "Monroy, Charles"]
[Result "0-1"]
[WhiteElo "2076"]
[BlackElo "2427"]
[PlyCount "80"]
[EventDate "2020.04.11"]
[EventType "swiss (blitz)"]
[EventRounds "11"]
[EventCountry "FRA"]
[SourceTitle "EXT 2021"]
[Source "ChessBase"]
[SourceDate "2020.10.23"]
[SourceVersion "1"]
[SourceVersionDate "2020.10.23"]
[SourceQuality "1"]

1. d4 Nf6 2. c4 e6 3. Nf3 c5 4. d5 b5 5. dxe6 fxe6 6. cxb5 d5 7. Bg5 Nbd7 8. Nc3 Bd6 9. e3 0-0 10. Bd3 Bb7 11. 0-0 Qc7 12. Rc1 e5 13. e4 d4 14. b6 Qxb6 15. Na4 Qa5 16. Nd2 Kh8 17. Nc4 Qc7 18. b4 Nxe4 19. Nxd6 Qxd6 20. Bxe4 Bxe4 21. bxc5 Qg6 22. Qg4 Nf6 23. Qg3 Nh5 24. Qh4 Rf4 25. g4 Bf3 26. h3 h6 27. Bxf4 Nxf4 28. Qg3 Ne2+ 29. Kh2 Nxg3 30. fxg3 Bc6 31. Nb2 Rb8 32. Nc4 Qe4 33. Rf2 Qd5 34. Nd6 Kh7 35. Re1 d3 36. Rd2 Rf8 37. g5 hxg5 38. Ne4 Qd4 39. Nxg5+ Kg8 40. Ne6 Rf2+ 0-1

[Event "Karlsruhe Grenke op"]
[Site "Karlsruhe"]
[Date "2019.04.22"]
[Round "9"]
[White "Monroy, Charles"]
[Black "Antal, Gergely"]
[Result "0-1"]
[WhiteElo "2433"]
[BlackElo "2552"]
[PlyCount "58"]
[EventDate "2019.04.18"]
[EventType "swiss"]
[EventRounds "9"]
[EventCountry "GER"]
[SourceTitle "CBM 189 Extra"]
[Source "ChessBase"]
[SourceDate "2019.06.03"]
[SourceVersion "1"]
[SourceVersionDate "2019.06.03"]
[SourceQuality "1"]

1. Nf3 c5 2. c4 Nf6 3. g3 d5 4. cxd5 Nxd5 5. Bg2 Nc6 6. Nc3 Nc7 7. 0-0 e5 8. a3 Rb8 9. b4 cxb4 10. axb4 Bxb4 11. Bb2 0-0 12. Qc2 a5 13. e3 Be6 14. Ne4 f6 15. d4 exd4 16. Nxd4 Nxd4 17. Bxd4 Nb5 18. Bc5 Rc8 19. Qa4 Nc3 20. Nxc3 Rxc5 21. Rfd1 Qb8 22. Nd5 b5 23. Qb3 Kh8 24. e4 Bc3 25. Ra2 Rfc8 26. Qb1 b4 27. Rc1 b3 28. Ra3 Bxd5 29. exd5 b2 0-1

[Event "Karlsruhe Grenke op"]
[Site "Karlsruhe"]
[Date "2019.04.20"]
[Round "5"]
[White "Monroy, Charles"]
[Black "Van Wely, Loek"]
[Result "1/2-1/2"]
[WhiteElo "2433"]
[BlackElo "2612"]
[PlyCount "152"]
[EventDate "2019.04.18"]
[EventType "swiss"]
[EventRounds "9"]
[EventCountry "GER"]
[SourceTitle "CBM 189 Extra"]
[Source "ChessBase"]
[SourceDate "2019.06.03"]
[SourceVersion "1"]
[SourceVersionDate "2019.06.03"]
[SourceQuality "1"]

1. Nf3 d5 2. g3 c6 3. Bg2 Bf5 4. c4 e6 5. 0-0 Nd7 6. d3 Ngf6 7. cxd5 exd5 8. Nc3 Be7 9. Qc2 h6 10. e4 Bg6 11. Nh4 Bh7 12. Nf5 Bxf5 13. exf5 0-0 14. h3 Bc5 15. Ne2 Re8 16. g4 Qe7 17. Ng3 Bd4 18. Bd2 Qc5 19. Bc3 Be5 20. Ne2 d4 21. b4 Qd6 22. Bb2 Qxb4 23. Rab1 Bc7 24. Nxd4 Qd6 25. Nf3 Nd5 26. Bc1 Ne5 27. Nxe5 Qxe5 28. f4 Bb6+ 29. Kh1 Qc3 30. Qxc3 Nxc3 31. Rb3 Ne2 32. Rd1 Rad8 33. a4 Rd4 34. a5 Bxa5 35. Rxb7 Bb6 36. Bxc6 Rc8 37. Re7 Nc3 38. Bb7 Nxd1 39. Bxc8 Rxd3 40. Re8+ Kh7 41. g5 hxg5 42. fxg5 Rxh3+ 43. Kg2 Rc3 44. Bf4 Bc7 45. Bxc7 Rxc7 46. Kf3 Nc3 47. Ba6 Nd5 48. Ke4 Re7+ 49. Rxe7 Nxe7 50. Ke5 Nc6+ 51. Kd6 Nb4 52. Bc4 f6 53. gxf6 gxf6 54. Kc5 Nc2 55. Bd3 Ne3 56. Kb5 Nd5 57. Bf1 Kh6 58. Ka6 Kg5 59. Kxa7 Kxf5 60. Ka6 Kg4 61. Kb5 f5 62. Kc5 Ne3 63. Be2+ Kg3 64. Kd4 f4 65. Ke4 Ng4 66. Kf5 Nf2 67. Bh5 Nh3 68. Bd1 Ng1 69. Ke4 Nh3 70. Kf5 Nf2 71. Bh5 Nd3 72. Ke4 Nc5+ 73. Kf5 Nb3 74. Ke4 f3 75. Bxf3 Nd2+ 76. Kd3 Nxf3 1/2-1/2

[Event "FRA-ch Accession"]
[Site "Nimes"]
[Date "2018.08.23"]
[Round "6"]
[White "Lagarde, Maxime"]
[Black "Monroy, Charles"]
[Result "1/2-1/2"]
[WhiteElo "2607"]
[BlackElo "2428"]
[PlyCount "136"]
[EventDate "2018.08.18"]
[EventType "swiss"]
[EventRounds "9"]
[EventCountry "FRA"]
[SourceTitle "CBM 186 Extra"]
[Source "ChessBase"]
[SourceDate "2018.08.24"]
[SourceVersion "1"]
[SourceVersionDate "2018.08.24"]
[SourceQuality "1"]

1. e4 e5 2. Bc4 Nf6 3. d3 Nc6 4. Nf3 Be7 5. a4 0-0 6. 0-0 d5 7. exd5 Nxd5 8. a5 Bg4 9. c3 Qd6 10. h3 Bh5 11. Nbd2 Rad8 12. Ne4 Qd7 13. Nxe5 Nxe5 14. Qxh5 Nxc4 15. dxc4 Nf6 16. Nxf6+ Bxf6 17. Qf3 Qc8 18. a6 bxa6 19. Bf4 Rfe8 20. Ra5 Qb8 21. b4 Qa8 22. Qxa8 Rxa8 23. Rxa6 Re4 24. Bxc7 Rxc4 25. Bd6 Bxc3 26. Rc1 Rd8 27. Rxa7 h6 28. Rc7 Rd4 29. R1xc3 R8xd6 30. Rf3 Rxb4 31. Rfxf7 Rg6 32. g3 Rbb6 33. Kg2 Rbf6 34. Rfd7 Rd6 35. Rc8+ Kh7 36. Rdc7 Rgf6 37. Rc2 Rd3 38. h4 Rdf3 39. h5 R3f5 40. g4 Rf4 41. R8c4 Rxc4 42. Rxc4 Ra6 43. Rc8 Ra4 44. Kg3 Rb4 45. Re8 Ra4 46. f3 Rb4 47. Re4 Rb3 48. Rc4 Kg8 49. Kf4 Kf7 50. Ke4 Ra3 51. Rc5 Kf6 52. Rc6+ Kf7 53. Rd6 Rb3 54. f4 Ke7 55. Rc6 Rb5 56. Kd4 Rb1 57. Kd5 Re1 58. Rc5 Re2 59. Rc4 Kf6 60. Rc6+ Ke7 61. Rb6 Kf7 62. g5 hxg5 63. fxg5 Re1 64. g6+ Ke7 65. Rb7+ Kf6 66. Rf7+ Kg5 67. Rxg7 Kxh5 68. Rg8 Kh6 1/2-1/2

[Event "Paris-ch 93rd"]
[Site "Paris"]
[Date "2018.07.16"]
[Round "4"]
[White "Ravi, Teja Sanka"]
[Black "Monroy, Charles"]
[Result "1/2-1/2"]
[WhiteElo "2360"]
[BlackElo "2444"]
[PlyCount "47"]
[EventDate "2018.07.14"]
[EventType "swiss"]
[EventRounds "9"]
[EventCountry "FRA"]
[SourceTitle "CBM 185 Extra"]
[Source "ChessBase"]
[SourceDate "2018.07.29"]
[SourceVersion "1"]
[SourceVersionDate "2018.07.29"]
[SourceQuality "1"]

1. d4 Nf6 2. Nf3 e6 3. e3 b6 4. Bd3 Bb7 5. 0-0 d5 6. c4 Nbd7 7. Nc3 Bd6 8. cxd5 exd5 9. Qc2 Be7 10. b3 0-0 11. Bb2 a6 12. Ne2 Rc8 13. Ne5 h6 14. Nc6 Qe8 15. Nxe7+ Qxe7 16. Rac1 Ne4 17. Nf4 Rfe8 18. Qe2 a5 19. Rc2 Qd6 20. Rfc1 c6 21. Qd1 Ra8 22. a4 Rac8 23. Bf1 Nb8 24. Nd3 1/2-1/2

[Event "FRA-ch Blitz"]
[Site "Orsay"]
[Date "2018.05.12"]
[Round "5.4"]
[White "Monroy, Charles"]
[Black "Pavlidis, Antonios"]
[Result "1-0"]
[WhiteElo "2391"]
[BlackElo "2602"]
[PlyCount "65"]
[EventDate "2018.05.12"]
[EventType "swiss (blitz)"]
[EventRounds "17"]
[EventCountry "FRA"]
[SourceTitle "EXT 2019"]
[Source "ChessBase"]
[SourceDate "2018.10.10"]
[SourceVersion "1"]
[SourceVersionDate "2018.10.10"]
[SourceQuality "1"]

1. Nf3 Nf6 2. c4 g6 3. Nc3 Bg7 4. e4 0-0 5. d4 d6 6. h3 e5 7. d5 a5 8. Be3 Na6 9. g4 Nc5 10. Nd2 c6 11. a3 a4 12. Bxc5 dxc5 13. Nxa4 Bh6 14. Bd3 Bxd2+ 15. Kxd2 b5 16. Nc3 bxc4 17. Bxc4 Nxe4+ 18. Nxe4 cxd5 19. Kc2 Be6 20. Bxd5 Qb6 21. Bxe6 Qxe6 22. Qd5 Qe7 23. Rad1 Rfd8 24. Qc6 Rac8 25. Rxd8+ Qxd8 26. Qd6 Qa5 27. Qxe5 Qa4+ 28. Kb1 Qb3 29. Nf6+ Kf8 30. Nxh7+ Kg8 31. Nf6+ Kf8 32. Re1 c4 33. Nh5 1-0

[Event "EU-ch rapid"]
[Site "Tallinn"]
[Date "2016.12.16"]
[Round "9"]
[White "Tregubov, Pavel V"]
[Black "Monroy, Charles"]
[Result "1-0"]
[WhiteElo "2585"]
[BlackElo "2416"]
[PlyCount "67"]
[EventDate "2016.12.15"]
[EventType "swiss (rapid)"]
[EventRounds "11"]
[EventCountry "EST"]
[SourceTitle "CBM 176 Extra"]
[Source "ChessBase"]
[SourceDate "2017.03.02"]
[SourceVersion "1"]
[SourceVersionDate "2017.03.02"]
[SourceQuality "1"]

1. d4 Nf6 2. c4 e6 3. Nc3 Bb4 4. e3 0-0 5. Bd3 c5 6. Nge2 d5 7. cxd5 cxd4 8. exd4 Nxd5 9. 0-0 Nc6 10. Nxd5 exd5 11. Nf4 Bd6 12. Re1 Qf6 13. Nxd5 Qxd4 14. Be3 Qh4 15. g3 Qg4 16. Bf1 Qxd1 17. Raxd1 Rd8 18. Bg5 Bg4 19. Bxd8 Bxd1 20. Bc7 Bf3 21. Nb6 axb6 22. Bxd6 Nd4 23. Be5 Nc6 24. Bc3 Bd5 25. a3 f6 26. f4 Kf7 27. Rd1 Bb3 28. Rd7+ Kg6 29. Bd3+ Kh6 30. f5 Re8 31. Bd2+ Kh5 32. Rxg7 Bd5 33. Kf2 Re7 34. Rxe7 1-0

[Event "Vienna op"]
[Site "Vienna"]
[Date "2015.08.21"]
[Round "7"]
[White "Matt, Fabian"]
[Black "Monroy, Charles"]
[Result "1-0"]
[WhiteElo "2258"]
[BlackElo "2436"]
[PlyCount "137"]
[EventDate "2015.08.15"]
[EventType "swiss"]
[EventRounds "9"]
[EventCountry "AUT"]
[SourceTitle "EXT 2016"]
[Source "ChessBase"]
[SourceDate "2015.10.08"]
[SourceVersion "1"]
[SourceVersionDate "2015.10.08"]
[SourceQuality "1"]

1. e4 d6 2. d4 Nf6 3. Nc3 e5 4. Nf3 Nbd7 5. Bc4 Be7 6. 0-0 0-0 7. a4 exd4 8. Nxd4 Ne5 9. Ba2 c6 10. h3 Re8 11. Re1 h6 12. a5 Bf8 13. Bf4 Bd7 14. Bg3 b5 15. axb6 Qxb6 16. Qd2 Ng6 17. Bb3 Rad8 18. Rad1 Qb4 19. Nf3 Bc8 20. Nd5 Qxd2 21. Nxf6+ gxf6 22. Nxd2 f5 23. exf5 Bxf5 24. Rxe8 Rxe8 25. Nc4 d5 26. Nd6 Bxd6 27. Bxd6 Ne5 28. Rd4 Nc4 29. Bxc4 dxc4 30. Rxc4 Re1+ 31. Kh2 Re2 32. Kg3 Rxc2 33. Rf4 Bg6 34. Be5 Rc5 35. Bc3 Rg5+ 36. Kh2 Rf5 37. Rd4 Kf8 38. f3 Ke7 39. Ra4 a5 40. Bxa5 Re5 41. Bc3 Re2 42. Kg3 h5 43. Ra5 Ke6 44. Rc5 Kd6 45. Rg5 Ke6 46. Kf4 Rf2 47. g4 hxg4 48. hxg4 Rg2 49. Re5+ Kd7 50. Kg5 Bc2 51. Kf6 Rf2 52. Re3 Bb3 53. Be5 Bd5 54. f4 Rg2 55. g5 Rf2 56. Ra3 Rh2 57. Ra7+ Ke8 58. Ra8+ Kd7 59. Rf8 Rh7 60. f5 Bc4 61. Ra8 Rh3 62. Ra7+ Ke8 63. Re7+ Kf8 64. Rc7 Ke8 65. Rxc6 Bd3 66. Rc8+ Kd7 67. Rc3 Rf3 68. Rxd3+ Rxd3 69. Kxf7 1-0

[Event "Vienna op"]
[Site "Vienna"]
[Date "2015.08.20"]
[Round "6"]
[White "Monroy, Charles"]
[Black "Neumeier, Klaus"]
[Result "1/2-1/2"]
[WhiteElo "2436"]
[BlackElo "2260"]
[PlyCount "38"]
[EventDate "2015.08.15"]
[EventType "swiss"]
[EventRounds "9"]
[EventCountry "AUT"]
[SourceTitle "EXT 2016"]
[Source "ChessBase"]
[SourceDate "2015.10.08"]
[SourceVersion "1"]
[SourceVersionDate "2015.10.08"]
[SourceQuality "1"]

1. Nf3 Nf6 2. g3 b6 3. Bg2 Bb7 4. 0-0 g6 5. d3 Bg7 6. e4 d6 7. Nh4 Nfd7 8. f4 c5 9. c3 Nc6 10. f5 0-0 11. Na3 Rc8 12. Nc2 Ba6 13. Bf4 Nce5 14. Ne1 Nf6 15. Qd2 Qc7 16. Rd1 Rfd8 17. c4 b5 18. b3 bxc4 19. bxc4 Rb8 1/2-1/2

[Event "Paris-ch rapid"]
[Site "Paris"]
[Date "2015.??.??"]
[Round "?"]
[White "Fedorchuk, Sergey A"]
[Black "Monroy, Charles"]
[Result "1/2-1/2"]
[WhiteElo "2650"]
[BlackElo "2429"]
[PlyCount "43"]
[EventDate "2015.03.01"]
[EventType "swiss (rapid)"]
[EventCountry "FRA"]
[SourceTitle "EXT 2016"]
[Source "ChessBase"]
[SourceDate "2015.10.08"]
[SourceVersion "1"]
[SourceVersionDate "2015.10.08"]
[SourceQuality "1"]

1. e4 d6 2. d4 Nf6 3. Nc3 e5 4. Nf3 Nbd7 5. Bc4 Be7 6. 0-0 0-0 7. a4 c6 8. Re1 b6 9. h3 Rb8 10. Ba2 a6 11. Be3 Qc7 12. Nd2 b5 13. axb5 axb5 14. Ne2 d5 15. exd5 Nxd5 16. Bxd5 cxd5 17. dxe5 Nxe5 18. Nc3 Be6 19. Bf4 Bd6 20. Qe2 Nc4 21. Bxd6 Qxd6 22. b3 1/2-1/2

[Event "Paris-ch Blitz"]
[Site "Paris"]
[Date "2015.??.??"]
[Round "?"]
[White "Monroy, Charles"]
[Black "Samoun, Florent"]
[Result "1/2-1/2"]
[WhiteElo "2429"]
[BlackElo "2211"]
[PlyCount "139"]
[EventDate "2015.02.28"]
[EventType "swiss (blitz)"]
[EventRounds "9"]
[EventCountry "FRA"]
[SourceTitle "EXT 2016"]
[Source "ChessBase"]
[SourceDate "2015.10.08"]
[SourceVersion "1"]
[SourceVersionDate "2015.10.08"]
[SourceQuality "1"]

1. Nf3 c5 2. c4 Nc6 3. g3 g6 4. Bg2 Bg7 5. 0-0 Nf6 6. Nc3 0-0 7. d4 cxd4 8. Nxd4 Qb6 9. Nb3 d6 10. Be3 Qd8 11. Rc1 Be6 12. Nd5 Rc8 13. Qd2 Bxd5 14. cxd5 Ne5 15. Rxc8 Qxc8 16. Rc1 Qd7 17. Bxa7 Ra8 18. Bb6 Rxa2 19. Nd4 h5 20. Qc2 Qa4 21. h3 Qxc2 22. Rxc2 Ned7 23. Rc8+ Kh7 24. Bd8 Ng8 25. Nf3 Bf6 26. Rc7 Nc5 27. b4 Ne4 28. Bf1 b5 29. Rb7 Nc3 30. h4 Nxd5 31. Rxb5 Nc3 32. Rb7 Nxe2+ 33. Bxe2 Rxe2 34. b5 Rb2 35. b6 Kg7 36. Ra7 e5 37. Bc7 Ne7 38. Bxd6 Nc6 39. Rb7 Nd8 40. Rd7 Rxb6 41. Bxe5 Bxe5 42. Nxe5 Rb8 43. Kg2 Kf6 44. Nf3 Ne6 45. Ra7 Rc8 46. Nd2 Rd8 47. Ne4+ Kg7 48. Kf3 Rd3+ 49. Ke2 Rb3 50. Nd6 Rb2+ 51. Kf1 Nd8 52. Ra8 Ne6 53. Ra7 Nd8 54. Rd7 Rb8 55. Ne8+ Kf8 56. Nf6 Kg7 57. Ne4 Ne6 58. Nd6 Nd8 59. Ra7 Rb6 60. Nc4 Rb8 61. Ne5 Rb5 62. f4 Rb7 63. Ra8 Ne6 64. Kg2 Nd4 65. Kf2 Nf5 66. Ra3 Rb2+ 67. Kf3 Rb7 68. Kf2 Rc7 69. Kf3 Rb7 70. Kf2 1/2-1/2

[Event "Paris-ch rapid"]
[Site "Paris"]
[Date "2015.??.??"]
[Round "?"]
[White "Tregubov, Pavel V"]
[Black "Monroy, Charles"]
[Result "1-0"]
[WhiteElo "2600"]
[BlackElo "2429"]
[PlyCount "53"]
[EventDate "2015.03.01"]
[EventType "swiss (rapid)"]
[EventCountry "FRA"]
[SourceTitle "EXT 2016"]
[Source "ChessBase"]
[SourceDate "2015.10.08"]
[SourceVersion "1"]
[SourceVersionDate "2015.10.08"]
[SourceQuality "1"]

1. d4 Nf6 2. c4 g6 3. g3 Bg7 4. Bg2 0-0 5. Nc3 d6 6. Nf3 Nc6 7. 0-0 a6 8. Re1 Rb8 9. Rb1 Na5 10. Nd2 b5 11. cxb5 axb5 12. b4 Nc4 13. Nxc4 bxc4 14. e4 c5 15. dxc5 Ng4 16. Nd5 dxc5 17. Bg5 Bd4 18. Bxe7 Bxf2+ 19. Kf1 Bd4 20. h3 f5 21. Bxd8 fxe4+ 22. Nf4 Nh2+ 23. Ke2 Rxd8 24. bxc5 Ba6 25. Qxd4 Rxd4 26. Rxb8+ Kf7 27. Ke3 1-0

[Event "Lisbon Christmas op"]
[Site "Lisbon"]
[Date "2014.12.30"]
[Round "9"]
[White "Demuth, Adrien"]
[Black "Monroy, Charles"]
[Result "1/2-1/2"]
[WhiteElo "2517"]
[BlackElo "2429"]
[PlyCount "25"]
[EventDate "2014.12.26"]
[EventType "swiss"]
[EventRounds "9"]
[EventCountry "POR"]
[SourceTitle "CBM 164 Extra"]
[Source "ChessBase"]
[SourceDate "2015.03.02"]
[SourceVersion "1"]
[SourceVersionDate "2015.03.02"]
[SourceQuality "1"]

1. d4 Nf6 2. c4 e6 3. Nc3 Bb4 4. f3 0-0 5. e4 d5 6. e5 Nfd7 7. cxd5 exd5 8. a3 Bxc3+ 9. bxc3 f6 10. exf6 Qxf6 11. Bd3 Nb6 12. Ne2 Bf5 13. 0-0 1/2-1/2